000 00607nam a2200205Ia 4500
003 GCL
008 140319s9999 xx 000 0 ara d
040 _aGCL /
_cGCL
082 0 4 _a810.809286
_bد ر
100 1 _aكريم عاصى
245 1 0 _aرجالات العرب مواقف -جراة بلاغة /
_cكريم عاصى
260 _a[S.N] :
_bدار الفكر اللبنانى ،
_c1991
300 _a175 ص
490 _a
650 0 4 _aالشعر العربى
650 0 4 _aالادب العربى
650 0 4 _aدواوين وقصائد
650 0 4 _aتاريخ ونقد
942 _2ddc
_cBK
999 _c56985
_d56985